000 01872pam a2200373 a 4500
999 _c28413
_d28384
001 2106859
003 EG-ScBUE
005 20200705095634.0
008 960530t1996 caua f b 000 0 eng d
020 _a0941188248
040 _aDLC
_beng
_erda
_cDLC
_dDLC
_dEG-ScBUE
082 0 4 _a791.430233
_bWES
_222
100 1 _aWeston, Judith,
_d1946-
_eauthor.
245 1 0 _aDirecting actors :
_bcreating memorable performances for film and television /
_cJudith Weston.
264 1 _aStudio City, CA :
_bMichael Wiese Productions,
_c[1996]
264 4 _cc1996
300 _axiv, 314 pages :
_billustrations ;
_c21 cm
336 _2rdacontent
_atext
_btxt
337 _2rdamedia
_aunmediated
_bn
338 _2rdacarrier
_avolume
_bnc
500 _aIncludes appendices.
504 _aIncludes bibliographical references.
520 _aThis is essential reading for anyone interested in directing or acting. Judith Weston's brilliance is to recognize that directors, actors, writers, and technicians are involved in a process that is at essence a collaboration. In order for them to have the best shot at creating something true and meaningful, they must share a language and a method of exchange that fosters creative cooperation. Weston rightly sees
650 7 _aMotion pictures
_xProduction and direction.
_2BUEsh
650 7 _aTelevision
_xProduction and direction.
_2BUEsh
653 _bCOMAME
_cJuly2020
655 _vReading book
_934232
856 4 2 _3Publisher description
_uhttp://www.loc.gov/catdir/enhancements/fy0715/96025539-d.html
856 4 2 _3Contributor biographical information
_uhttp://www.loc.gov/catdir/enhancements/fy0912/96025539-b.html
906 _a7
_bcbc
_corignew
_d1
_eocip
_f19
_gy-gencatlg
942 _2ddc
_cBB